000
00284nam a22001337a 4500
041
_a
ENG
100
_a
Hunt R
245
_a
Computers And Commonsense
250
_a
Fourth Ed
260
_a
Delhi
_b
Prenti Hall of India
_c
2001
300
_a
208
650
_a
FAO
856
_u
FAO ( CD )
999
_c
732
_d
732